Sanat - "Tonttujen jouluyö" - Statistics

Yleistilastot
  • Tätä visaa on pelattu 62 kertaa
    58 viimeisimmän päivityksen jälkeen
  • Keskiarvotulos 113 / 138
Vastaustilastot
Vastaus % Oikein
tap
97%
tip
97%
tonttu
97%
jo
94%
tipe
94%
Tip-tap
94%
tip-tap
94%
kaikki
91%
nukkuu
91%
väki
91%
hukkuu
89%
sammuu
89%
Soihdut
89%
talon
89%
touhu
89%
öitten
86%
varjoon
86%
alle
83%
alta
83%
hiipii
83%
sillan
83%
ja
80%
näki
80%
juovat
77%
sen
77%
syövät
77%
varpahillaan
77%
lientä
74%
alla
71%
kunnon
71%
kuusen
71%
paistia
71%
rientää
71%
joukko
69%
leikitellään
69%
Pöydän
69%
silloin
69%
Tonttujoukko
69%
varovasti
69%
raoistansa
66%
Sitten
66%
taivahalla
66%
tarjoo
66%
kunnes
63%
päivä
63%
Jouluruokaa
60%
koittaa
60%
Hiljaa
57%
kuuluu
54%
maistaa
54%
on
54%
päälle
54%
ruoka
54%
veitikaiset
54%
kotikoloihinsa
51%
kuiske
51%
miltä
51%
Herkkua
46%
monenlaista
46%
siinä
46%
Ehtoja vastaavia visoja ei löytynyt
Tulosjakauma
Jokaisen tuloksen saaneiden osuus
Persentiili vastausten määrän mukaan
Tuloshistoriasi
Et ole pelannut tätä visaa sen viimeisimmän päivityksen jälkeen